BIBLIOTHÈQUE DE LA MAISON DU MEXIQUE

Logo 1 Logo 2

Universidad del Claustro de Sor Juana (notice nᵒ 10850)

détails MARC
000 -Sello discográfico
campo de control de longitud fija 01071nam a2200361 4500
005 - Identificación de versión
campo de control 20251016085121.0
035 ## - Otros números de control del sistema
Número de control del sistema 9336
035 ## - Otros números de control del sistema
Número de control del sistema 9337
099 ## - fechas locales
Tipo de ítem Koha LIBRO
100 ## - Datos de procesamiento general
Datos de procesamiento general 20040225d1994 m y1spay5003 ba
105 ## - Campo de datos codificados: Material textual, monográfico
Datos codificados de monografía a 001zy
200 1# - Título y mención de responsabilidad
Título propio Universidad del Claustro de Sor Juana
Designación general del material texto impreso
Primer mención de responsabilidad Universidad del Claustro de Sor Juana
210 ## - Publicación, distribución, etc.
Lugar de publicación, distribución, etc. México
Nombre del editor, distribuidor, etc. Universidad del Claustro de Sor Juana
Fecha de publicación, distribución, etc. 1994
215 ## - Descripción física
Designación de material específico y extensión del ítem 53 p
Otras características físicas il., fot.
Dimensiones 28 cm
318 ## - Nota de acción
Acción No se presta a domicilio
345 ## - Nota de información de adquisición
Fuente de adquisición/dirección de la suscripción [OBSOLETO] Donación
606 ## - Término temático usado como materia
Elemento de entrada Universidades y colegios
Subdivisión geográfica México
Número Koha 15262
660 ## - Código de área geográfica
Código MX
710 ## - Nombre de entidad corporativa - Responsabilidad primaria
Elemento de entrada Universidad del Claustro de Sor Juana
Adición al nombre o calificador México
Número Koha 17389
801 #0 - Fuente de origen
País FR
Agencia cm
Reglas de catalogación (convenciones descriptivas) AFNOR
900 ## -
-- 1/6615
900 ## -
-- 7100418377\250204
942 ## - ELEMENTOS DE ENTRADA SECUNDARIOS (KOHA)
Tipo de ítem Koha Livre
996 ## -
-- MEX
-- 751145101
-- MMAG
-- 001655
-- R378.87 U58CL
-- 20120202LIV
996 ## -
-- MEX
-- 751145101
-- MMAG
-- 001656
-- 378.87 U58CL
-- 20120202LIV
Exemplaires
Estatus retirado Estado de daño Estado de pérdida Fecha de adquisición Biblioteca de origen Biblioteca actual Ubicación en estantería Código de barras Precio de reemplazo Signatura topográfica completa No para préstamo Tipo de ítem Koha Nota pública Nota no pública
      05/08/2025 Casa México Paris Casa México Paris   001655 05/08/2025 R378.87 U58CL No se presta a domicilio Livre 20120202LIV 751145101